000 00352 a2200169 4500
001 195422
020 _a978-85-8979-214-7
040 _cMagnum
100 _aDicker, Leo
240 1 0 _aClara e Guto
_lpor
245 1 0 _aClara e Guto
300 _a224
362 0 _a2022
440 1 _aMiguilim
697 _aLITERATURA INFANTO-JUVENIL
942 _cBK
999 _c195422
_d195422